Loading...
| Current Events | 1 | 20.00 | 100% | 100% | 0% |
| Fine Arts - Classical Music | 5 | 18.00 | 80% | 60% | 40% |
| Fine Arts - Other Fine Arts | 3 | 13.33 | 100% | 33% | 0% |
| Geography | 1 | 10.00 | 100% | 0% | 0% |
| History - American History | 6 | 8.33 | 67% | 17% | 0% |
| History - European History | 4 | 17.50 | 100% | 50% | 25% |
| History - Other History | 1 | 0.00 | 0% | 0% | 0% |
| History - World History | 3 | 10.00 | 100% | 0% | 0% |
| Literature - American Literature | 5 | 16.00 | 100% | 40% | 20% |
| Literature - British Literature | 2 | 15.00 | 100% | 50% | 0% |
| Literature - European Literature | 4 | 17.50 | 100% | 50% | 25% |
| Literature - World Literature | 2 | 10.00 | 100% | 0% | 0% |
| Painting/Sculpture | 7 | 14.29 | 100% | 43% | 0% |
| Philosophy | 3 | 13.33 | 100% | 33% | 0% |
| Pop Culture | 3 | 13.33 | 33% | 67% | 33% |
| Religion | 5 | 16.00 | 100% | 40% | 20% |
| Science - Biology | 3 | 13.33 | 100% | 33% | 0% |
| Science - Chemistry | 3 | 16.67 | 67% | 67% | 33% |
| Science - Other Science | 4 | 5.00 | 50% | 0% | 0% |
| Science - Physics | 6 | 6.67 | 50% | 17% | 0% |
| Social Science | 2 | 15.00 | 100% | 50% | 0% |